00462pab a2200157 454500008004000000100002200040245007900062260000900141300001600150362001100166650003500177650001300212700002100225700002400246773003400270180718b2007 xxu||||| |||| 00| 0 eng d aMajumdar, Manatri aFace-to-face taxation in West Bengal; compulsion, compliance or collusion? c2007 ap.4166-173. a13 Oct aTaxation - India - West Bengal aTaxation aGhosh, Sreemoyee aBanerjee, Indrashis aEconomic and Political Weekly